000 00816nam a22002057a 4500
999 _c18636
_d18636
008 231219b ||||| |||| 00| 0 eng d
020 _a9789719812432
082 _22020
_aDC 613.7
_bP838
100 _aPorto, Jerome A.
_950530
245 _aFitness for life :
_bhealth - optimizing physical education for senior high school /
_cJerome A. Poro, Aida A. Vargas, and Mia Elaine C. Jr. Andaliza.
250 _aRevised edition.
260 _aQuezon City :
_bC&E publishing, Inc.,
_c©2020.
300 _axi, 130 pages :
_bcolor illustrations ;
_c26 cm.
500 _aIncludes glossary, references, and index.
650 _aPhysical education.
_950542
650 _aPhysical fitness.
_950543
700 _aVargas, Aida A.
_eauthor.
_950531
700 _aAndaliza, Mia Elaine C.
_eauthor.
_950532
_cJr.
942 _2ddc
_cDC